Statistics for General History

Click here to take the quiz!

General Stats

  • This quiz has been taken 109 times
  • The average score is 5 of 21

Answer Stats

HintAnswer% Correct
When did WW2 begin?1939
84%
The Australian colonies original purpose?Prison colony
46%
What was the first Communist State?Russia
45%
When was the UN established1945
43%
Largest empireBritish Empire
42%
How many Dynastic periods existed in China13
36%
What was the first country to enter the industrial revolution?Great Britain
36%
Where was the first republic?Athens
27%
Third President of the United StatesThomas Jefferson
27%
Which nation create the Panama Canal?United States
27%
First form of writingCuneiform
20%
How many "Treaties of Paris" Exist31
9%
How many years did the Egyptian Empire rule?400
9%
First form of artCave paintings
8%
What year were the Americas discovered?1942
7%
How long has the earth existed4.543 billion years
7%
What was the first empire?Akkad
6%
The treaty that put an end to the War of 1812Treaty of Ghent
4%
When did the Roman Empire fall?476 C.E.
1%
When was the first use of Mathematics?1650
0%
Creator of the cell phoneMartin Cooper
0%

Score Distribution

Percentile by Number Answered

Percent of People with Each Score

Your Score History

You have not taken this quiz